00780 2200301 4500001002100000005001700021008004100038020002300079035002400102040001200126082001600138084001600154090001600170100001600186245004500202260002800247300003100275650002000306700002100326700001700347850001200364990001700376990001700393990001700410990001700427990001700444990001700461INLIS00000000000015820141002151422.0  a978-0-8048-4233-44 0010-101400000000053 aYOPDYOG a722.4 Ing B a722.4 Ing B a722.4 Ing B aINGLIS, Kim aBali by design :b25 contemporary houses aSingaporebTuttlec2012 a224 hlm.b: ilus. ;c24 cm aArsitektur Bali aTermansen, Jacob aGocher, Jill aYOPDYOG a8188-PD/B.14 a8189-PD/B.14 a8190-PD/B.14 a8188-PD/B.14 a8189-PD/B.14 a8190-PD/B.14